000 01272nam a22002655i 4500
001 162947
003 ES-MaACL
005 20250715063127.0
008 000405s1875 sp |||| | spa d
040 _aCAM
_bspa
_cCAM
080 _a821.134.2-293"18"
100 1 _aRamos Carrión, Miguel,
_d1848-1915
_995293
245 1 3 _aLa clave
_b: zarzuela en dos actos y en prosa /
_cletra de Ramos Carrión y Campo-Arana ; música del maestro Caballero.
260 _aMadrid :
_b[Administración lírico-dramática],
_c1875 (
_fImprenta de José Rodriguez)
300 _a62 p. ;
_c19 cm.
500 _aEn port.: Estrenada en el Teatro del Principe Alfonso el 26 de junio de 1875.
500 _aSolo el texto.
530 _aDisponible también en sitio web.
596 _aEd. tomado de la cub.
700 1 1 _aCampo Arana, José,
_d1847-1885
_934206
700 0 _aFernández Caballero, Manuel.
_949531
852 _aES-MaACL
_jF-8562(6)
_z-- Enc. pasta española
_q-- Falto de la cub. original
_z-- Enc. en un vol. facticio formando parte de la col. facticia "Teatro español moderno", vol. 14
856 _uhttp://bibliotecadigitalhispanica.bne.es:80/webclient/DeliveryManager?pid=3312836&custom_att_2=simple_viewer
_zIr a la página
999 _c162947
_d162947